000 00954nam a22003017a 4500
001 6578
003 FISKH
005 20250604084601.0
008 250512b cb ||||| |||| 00| 0 eng d
020 _a9780545346306
040 _aFISKH
_beng
_cFISKH
_dFISKH
050 _aPZ10.K9735 W
082 _a579.5
100 _aKurtz, Jane
_d(1952-)
245 _aWater hole waiting /
_cJane Kurtz and Christopher Kurtz ; Pictures by Lee Christiansen
250 _aThis edition first published in 2002
260 _aNew York :
_bScholastic,
_c2002
300 _a30 pages :
_bcolor illustrations ;
_c28 cm
505 _aE
520 _aA thirsty monkey waits as the larger animals drink from the water hole on the African savanna.
521 8 _a280
_bLexile
521 8 _aE
_bRaz-Plus
650 _2Africa
_aPicture book
650 _2Word choice
_aSavanna
700 _aChristiansen, Lee
_dillustrator
942 _2ddc
_cBK
_n0
999 _c6578
_d6578